مكتبة جامعة عجلون الوطنية

فهرس بحث المكتبة

Normal view MARC view
  • الحربي، فهد عوده البلادي

Entry Personal Name

Number of records used in: 1

001 - CONTROL NUMBER

  • control field: 30506

003 - CONTROL NUMBER IDENTIFIER

  • control field: JO-AjAnu

005 - DATE AND TIME OF LATEST TRANSACTION

  • control field: 20230606075139.0

008 - FIXED-LENGTH DATA ELEMENTS

  • fixed length control field: 230606|| aca||aabn | a|a d

040 ## - CATALOGING SOURCE

  • Original cataloging agency: JO-AjAnu
  • Transcribing agency: JO-AjAnu

100 ## - HEADING--PERSONAL NAME

  • Personal name: الحربي، فهد عوده البلادي

670 ## - SOURCE DATA FOUND

  • Source citation: Work cat.: (JO-AjAnu)15669: الحربي، فهد عوده البلادي, author, سوق الاسهم: تصور شامل لحقيقة اسواق المال وكيفية التعامل معها للمتداول المحترف والمتداول البسيط